| 000 | 00499nam a2200169Ia 4500 | ||
|---|---|---|---|
| 003 | IN-BaIIA | ||
| 008 | 211028s9999 xx 000 0 eng d | ||
| 040 | _cIIA Library | ||
| 080 |
_a3.869444444444444 _bADA |
||
| 100 |
_aAdamczewski, J. _915837 |
||
| 245 | 0 |
_aNicholas Copernicus and his epoch _c J. Adamczewski |
|
| 260 |
_aWarsaw _c1972 |
||
| 300 | _a160p. | ||
| 650 |
_aBiography _91224 |
||
| 650 |
_aNicolaus Copernicus, Poland _915838 |
||
| 942 | _cBK | ||
| 999 |
_c9404 _d9404 |
||